اصلاح غلط المحدثين

Bibliographic Details
Main Authors: خطابي, حمد بن محمد (Author), رديني, محمد علي عبد الكريم (Author)
Format: Book
Published: Damshiq : Dar al-Ma'mun lil-Turath , 1987
Subjects:

MARC

LEADER 00000cam a2200000 7i4500
001 0000032021
005 20070924093000.0
008 021119s1987
090 0 0 |a PJ6697   |b .K43 1987 
100 0 |a خطابي, حمد بن محمد ,   |e author 
241 0 0 |a Islah ghalat al-muhaddithin 
245 1 0 |a اصلاح غلط المحدثين   |c ابو سليمان حمد بن محم   |f دراسة وتحقيق محمد علي عبد الكريم الروديني 
260 2 |a Damshiq :   |b Dar al-Ma'mun lil-Turath ,   |c 1987 
300 |a 196 p. ;   |c 24 cm. 
504 |a Includes bibliographical references (p. 189-194) and indexes 
650 0 |a Hadith   |x Criticism, interpretation, etc.   |v Early works to 1800 
650 0 |a Hadith   |x Language, style   |v Early works to 1800 
700 1 |a رديني, محمد علي عبد الكريم ,   |e author 
999 |a 1000061619   |b Book   |c OPEN SHELF (30 DAYS)   |e Gong Badak Campus